000
00331nam a22001457a 4500
008
210602b ||||| |||| 00| 0 eng d
020
_a
2901133602995
041
_a
eng
080
_2
5th
_a
61
082
_a
61
100
_a
3
101
_a
SHM
245
_a
Administrative Medical Assisting
_c
Wilburta Q. Lindh
942
_2
udc
_c
BK
999
_c
57881
_d
57881